Deutsche Jahresendcharts 1984 (Top 75) - Statistiken

Allgemein
  • Dieses Quiz wurde 14 mal gespielt
  • Das Durchschnittsergebnis liegt bei 28 aus 75
Antwortstatistiken
Hint Antwort % Korrekt
Männer Herbert Grönemeyer
92%
Jenseits von Eden Nino de Angelo
92%
Big in Japan Alphaville
85%
Sounds like a Melody Alphaville
85%
Careless Whisper George Michael (Wham)
85%
Radio Gaga Queen
85%
I want to break free Queen
85%
People are People Depeche Mode
77%
Master and Servant Depeche Mode
77%
? (Fragezeichen) Nena
77%
Irgendwie, irgendwo, irgendwann Nena
77%
Time after Time Cyndi Lauper
69%
Girls just want to have fun Cyndi Lauper
69%
Relax Frankie goes to Hollywood
69%
Two Tribes Frankie goes to Hollywood
69%
Hello Again Howard Carpendale
69%
When the Rain begins to fall Jermaine Jackson & Pia Zadora
69%
Such a shame Talk Talk
69%
What'S love got to do with it Tina Turner
69%
Wake me up before you Go-Go Wham!
69%
1000 und 1 Nacht Klaus Lage Band
62%
Hello Lionel Richie
62%
All Night long Lonel Richie
62%
Jump Van Halen
62%
Self Control Laura Brannigan
54%
Wouldn't it be good Nik Kershaw
54%
I just called to say I love you Stevie Wonder
54%
To France Mike Oldfield
46%
Shadow on the Wall Mike Oldfield (Roger Chapman)
46%
Come back and stay Paul Young
46%
Love of the Common People Paul Young
46%
Eyes without a face Billy Idol
38%
Smalltown Boy Bronski Beat
38%
Why Bronski Beat
38%
The Reflex Duran Duran
38%
Never Ending Story Limahl
38%
Only for love Limahl
38%
Ghostbusters Ray Parker Jr.
38%
Footloose Kenny Loggins
23%
Holiday Madonna
23%
Love is a Battlefield Pat Benatar
23%
Against all Odds Phil Collins
23%
Send me an Angel Real Life
23%
Catch me I'm falling Real Life
23%
My Oh My Slade
23%
Turaluraluralu Trio
23%
Owner of a lonely heart Yes
23%
Don't answer me Alan Parsons Project
15%
High Energy Evelyn Thomas
15%
What is Love Howard Jones
15%
Abschied ist ein scharfes Schwert Roger Whittaker
15%
25 years The Catch
15%
Only You The Flying Pickets
15%
Hold me now Thompson Twins
15%
Dancing with Tears in my Eyes Ultravox
15%
Slice me nice Fancy
8%
Feels like Heaven Fiction Factory
8%
Precious little Diamond Fox the Fox
8%
Lunatic Gazebo
8%
Reach Out Giorgo Moroder ft. Paul Engemann
8%
Guardian Angel Masquerade
8%
Dr. Mabuse Propaganda
8%
Self Control RAF
8%
Zu nah am Feuer Stefan Waggershausen & Alice
8%
Dance Hall days Wang Chung
8%
Pulstar Hypnosis
0%
High Society Girl Laid Back
0%
Hypnotic Tango My Mine
0%
Black and White Patto
0%
This is not a Love Song PiL
0%
Happy Children P. Lion
0%
Somebody's watching me Rockwell
0%
My soul unwraps tonight Savage Progress
0%
Let the music play Shannon
0%
(Hey you) The Rock Steady Crew The Rock Steady Crew
0%
Keine übereinstimmenden Quizze gefunden
Verteilung der Resultate
Anzahl Personen mit jedem Resultat
Perzentil nach korrekt beantworteten Fragen
Ihre Resultats-Entwicklung
Sie haben dieses Quiz noch nicht gespielt